zpět

Detail výsledku týmu

Kozlovka, Hradec Králové

Datum a čas kvízu

14.5 Celkem bodů Celkový počet nahraných bodů na tomto kvízu bez doplňovacích otázek.
13. Pořadí na kvízu Konečné umístění týmu na tomto kvízu.

Zaznamenané odpovědi

# Otázka Odpověď Body Výsledky
1. Minulý týden se konala velmi k... zadek 1
2. Ve které evropské metropoli se... v Kodani 0
3. U příležitosti narozenin jedné... Marta Kubišová 0
4. Od 1. října 2025 došlo na Leti... 2 000 mililitrů 0
5. Česká republika má od minulého... Linda Nosková 1
6. Wikipedii s nejvyšší pravděpod... z havajštiny 0
7. Fanoušci kvízu občas jistě se... D 1
8. Dobrým zdrojem informací jsou... Jsi chytřejší než páťák? 0
9. Mnemotechnické pomůcky se hodí... barvy duhy (pořadí) 1
10. Někdy však k úspěchu v kvízu s... 1C 2B 3D 4A 1